000 00929nas a2200289 4500
001 BR2012004487
003 BR-BrBNA
005 20231205120743.0
007 ta
008 230509b bl.|||p| |||| 00| 00por d
040 _aBR-BrBNA
_bpor
_cBiblioteca Nacional de Agricultura
041 _a(Pt)
072 _aQ03
100 1 _aLima, S.A. de
100 1 _aLima, S.M.C.
100 1 _aDiniz, D.B.
245 1 _aAvaliação microbiológica do camarão cozido comercializado a granel por ambulantes da Praia do Futuro em Fortaleza, CE
650 _aCAMARÃO
650 _aTOXICOLOGIA DE ALIMENTO
650 _aHIGIENE DE ALIMENTO
650 _aCONTAMINAÇÃO
650 _aCONTROLE DE QUALIDADE
650 _aSEGURANÇA ALIMENTAR
773 0 _tHigiene Alimentar (Brazil)
_xISSN 0101-9171
_g(Mar-Apr 2012), v. 26(206-207) p. 103-108
_wBR2012004487
909 _a202311
_bLúcia
_c55
_dLúcia Elande
942 _2AGRIS
_n0
_cANA
999 _c220138
_d220138